[Event "4NCL"]
[Site "Barcelo Hotel, Daventry, ENG"]
[Date "2010.11.06"]
[Round "1.17"]
[White "Conquest, Stuart C"]
[Black "Devereaux, Maxim L"]
[Result "1-0"]
[WhiteElo "2529"]
[BlackElo "2388"]
[PlyCount "85"]
[EventDate "2010.??.??"]
[WhiteTeam "Guildford A&DC 1"]
[BlackTeam "Barbican 4NCL 2"]

1. d4 Nf6 2. c4 e6 3. Nc3 Bb4 4. e3 O-O $2 5. Nf3 b6 6. Bd3 Bb7 7. O-O $2 c5 8.
Na4 cxd4 9. exd4 Be7 10. Bf4 d6 11. Rb1 Nbd7 12. b4 Re8 13. Re1 Bf8 14. Nc3 a6
15. h3 Ra7 16. Bh2 Qa8 17. Be2 Ne4 18. Nxe4 Bxe4 19. Rb3 h6 20. Bf1 a5 21. Nd2
Bg6 22. b5 Nf6 23. Rbe3 Rd7 24. a3 Bh7 25. Be2 Qd8 26. Qc1 Qc8 27. Bf3 d5 28.
Be5 Ne4 29. Nxe4 dxe4 30. Bxe4 f6 31. Bg3 Rxd4 32. Bc6 Re7 33. c5 e5 34. cxb6
Qb8 35. b7 Rxb7 36. Rxe5 Qa7 37. Re8 Rf7 38. Ra8 Qb6 39. Rb8 Qa7 40. Ra8 Qb6
41. Rb8 Qa7 42. b6 Qa6 43. b7 1-0

[Event "4NCL"]
[Site "Barcelo Hotel, Daventry, ENG"]
[Date "2010.11.06"]
[Round "1.17"]
[White "Morrison, Graham"]
[Black "Brunner, Nicolas"]
[Result "0-1"]
[WhiteElo "2345"]
[BlackElo "2462"]
[PlyCount "98"]
[EventDate "2010.??.??"]
[WhiteTeam "Barbican 4NCL 2"]
[BlackTeam "Guildford A&DC 1"]

1. Nf3 Nf6 2. c4 c5 3. Nc3 e6 4. g3 b6 5. Bg2 Bb7 6. O-O Be7 7. Re1 d6 8. e4 a6
9. d4 cxd4 10. Nxd4 Qc7 11. Be3 O-O 12. Rc1 Nbd7 13. f4 Rfe8 14. g4 Nc5 15. Bf2
g6 16. e5 dxe5 17. fxe5 Nfd7 18. Bxb7 Nxb7 19. Nd5 exd5 20. cxd5 Bc5 21. b4
Rxe5 22. bxc5 Rxe1+ 23. Bxe1 Ndxc5 24. Nc6 Ne4 25. Qf3 Re8 26. Bb4 Qd7 27. Re1
Nbd6 28. Qf4 a5 29. Bxd6 Nxd6 30. Rxe8+ Nxe8 31. h3 Qd6 32. Qxd6 Nxd6 33. Kf2
f6 34. Ke3 Kf7 35. Kd4 Ke8 36. Kd3 Kd7 37. Nd4 Ne8 38. Ne6 Kd6 39. Nf8 Kxd5 40.
Nxh7 g5 41. Nf8 Kd6 42. Ng6 Kc5 43. h4 gxh4 44. Nxh4 Kb4 45. Kc2 Ka3 46. Kb1
Nd6 47. Ng2 Nc4 48. Ka1 Kb4 49. Kb1 Kc3 0-1

[Event "4NCL"]
[Site "Barcelo Hotel, Daventry, ENG"]
[Date "2010.11.06"]
[Round "1.17"]
[White "Cuenca Jimenez, Jose Fernando"]
[Black "Berry, Neil"]
[Result "1/2-1/2"]
[WhiteElo "2490"]
[BlackElo "2346"]
[PlyCount "81"]
[EventDate "2010.??.??"]
[WhiteTeam "Guildford A&DC 1"]
[BlackTeam "Barbican 4NCL 2"]

1. Nf3 d5 2. d4 Nf6 3. c4 c6 4. Qb3 dxc4 5. Qxc4 Bf5 6. g3 e6 7. Bg2 Nbd7 8.
Nc3 Be7 9. O-O O-O 10. Re1 Ne4 11. Qb3 Qb6 12. Nh4 Bxh4 13. gxh4 Ndf6 14. f3
Nxc3 15. bxc3 Qc7 16. e4 Bg6 17. Be3 Nh5 18. a4 b6 19. a5 Nf4 20. Bf1 Bh5 21.
Qd1 Ng6 22. Bf2 Qf4 23. Bg3 Qxf3 24. Qxf3 Bxf3 25. Ba6 c5 26. Re3 Bg4 27. Bd6
cxd4 28. cxd4 Rfd8 29. Bb7 Rxd6 30. Bxa8 Rxd4 31. axb6 axb6 32. Bb7 h5 33. h3
Bd1 34. Re1 Ba4 35. e5 Nxh4 36. Re4 Rxe4 37. Bxe4 b5 38. Kf2 Nf5 39. Bxf5 exf5
40. Ke3 g6 41. Kf4 1/2-1/2

[Event "4NCL"]
[Site "Barcelo Hotel, Daventry, ENG"]
[Date "2010.11.06"]
[Round "1.17"]
[White "Martyn, Rafe"]
[Black "Berzinsh, Roland"]
[Result "0-1"]
[WhiteElo "2292"]
[BlackElo "2427"]
[PlyCount "108"]
[EventDate "2010.??.??"]
[WhiteTeam "Barbican 4NCL 2"]
[BlackTeam "Guildford A&DC 1"]

1. d4 Nf6 2. c4 e6 3. g3 Bb4+ 4. Bd2 c5 5. Bxb4 cxb4 6. Bg2 O-O 7. e3 d6 8. a3
Qc7 9. Qb3 bxa3 10. Rxa3 e5 11. Ne2 Nc6 12. d5 Na5 13. Qc3 b6 14. Nd2 Bd7 15.
O-O Rfc8 16. Rc1 Nb7 17. h3 a5 18. Raa1 b5 19. cxb5 Qb6 20. Qa3 Qxb5 21. Nc3
Qb4 22. Qxb4 axb4 23. Rxa8 Rxa8 24. Nce4 Nxe4 25. Nxe4 Rc8 26. Ra1 f5 27. Ra7
Rc1+ 28. Kh2 Bc8 29. Ng5 Rc2 30. g4 g6 31. gxf5 gxf5 32. Ra8 h6 33. Nf3 b3 34.
Ne1 Rc7 35. Nd3 Kf7 36. e4 Rc2 37. Ra3 Re2 38. Rxb3 fxe4 39. Nb4 Nc5 40. Rc3
Rxb2 41. Nc2 Bb7 42. Ne3 Rxf2 43. Kg3 Rf6 44. Ng4 Rg6 45. Rxc5 dxc5 46. Bxe4
Rg5 47. h4 Rxg4+ 48. Kxg4 Kf6 49. Kh5 c4 50. Kxh6 c3 51. Kh7 Bxd5 52. Bc2 e4
53. Kh8 e3 54. Bd3 e2 0-1

[Event "4NCL"]
[Site "Barcelo Hotel, Daventry, ENG"]
[Date "2010.11.06"]
[Round "1.17"]
[White "Garrido Dominguez, Jesus"]
[Black "Twyble, Michael S"]
[Result "1/2-1/2"]
[WhiteElo "2410"]
[BlackElo "2271"]
[PlyCount "75"]
[EventDate "2010.??.??"]
[WhiteTeam "Guildford A&DC 1"]
[BlackTeam "Barbican 4NCL 2"]

1. e4 e5 2. Nf3 Nc6 3. Bb5 a6 4. Bxc6 dxc6 5. O-O Bd6 6. d4 exd4 7. Qxd4 f6 8.
Nbd2 Be6 9. Qc3 Ne7 10. Nc4 Bxc4 11. Qxc4 Qd7 12. Be3 Ng6 13. a4 Qf7 14. Qxf7+
Kxf7 15. a5 Rhe8 16. Ra4 Ne5 17. Rd1 Rad8 18. Kf1 Nxf3 19. gxf3 Re5 20. c4 c5
21. Ra3 Rh5 22. Rb3 Rb8 23. Rd5 Rxd5 24. cxd5 b5 25. axb6 cxb6 26. f4 b5 27.
Ra3 Ra8 28. Bd2 c4 29. Ra2 a5 30. Rxa5 Rxa5 31. Bxa5 Bxf4 32. h4 h5 33. Bb4 g5
34. hxg5 fxg5 35. Bc3 g4 36. e5 h4 37. Bd4 h3 38. e6+ 1/2-1/2

[Event "4NCL"]
[Site "Barcelo Hotel, Daventry, ENG"]
[Date "2010.11.06"]
[Round "1.17"]
[White "Dorrington, Chris J"]
[Black "Povah, Nigel E"]
[Result "1-0"]
[WhiteElo "2263"]
[BlackElo "2336"]
[PlyCount "41"]
[EventDate "2010.??.??"]
[WhiteTeam "Barbican 4NCL 2"]
[BlackTeam "Guildford A&DC 1"]

1. d4 Nf6 2. c4 e6 3. Nc3 c5 4. d5 b5 5. dxe6 fxe6 6. cxb5 d5 7. e4 d4 8. e5
Nfd7 9. Ne4 Bb7 10. Qg4 Bd5 11. Nf3 a6 12. Neg5 c4 13. Nxe6 Qa5+ 14. Bd2 c3 15.
bxc3 dxc3 16. Be3 Ba3 17. Bc4 c2+ 18. Bd2 Bxf3 19. Nxg7+ Ke7 20. Qg5+ Kf8 21.
Qf4+ 1-0

[Event "4NCL"]
[Site "Barcelo Hotel, Daventry, ENG"]
[Date "2010.11.06"]
[Round "1.17"]
[White "Grigoryan, Meri"]
[Black "Regan, Natasha K"]
[Result "1-0"]
[WhiteElo "2099"]
[BlackElo "2131"]
[PlyCount "53"]
[EventDate "2010.??.??"]
[WhiteTeam "Guildford A&DC 1"]
[BlackTeam "Barbican 4NCL 2"]

1. d4 Nf6 2. c4 g6 3. Nc3 Bg7 4. e4 d6 5. Nf3 O-O 6. Be2 e5 7. d5 a5 8. Bg5 h6
9. Bh4 Na6 10. Nd2 Qe8 11. O-O Nh7 12. g4 f5 13. gxf5 gxf5 14. Bh5 Qd7 15. exf5
Kh8 16. Bg6 Bf6 17. Bg3 Qg7 18. Nde4 Be7 19. Qh5 Nb4 20. Nb5 Bd8 21. Kh1 Nd3
22. Rg1 Ng5 23. f6 Bxf6 24. Nxg5 Bg4 25. Qxg4 Qxg6 26. Qe4 Qxg5 27. Qxd3 1-0

[Event "4NCL"]
[Site "Barcelo Hotel, Daventry, ENG"]
[Date "2010.11.06"]
[Round "1.18"]
[White "McNab, Colin A"]
[Black "Hulmes, David I"]
[Result "1-0"]
[WhiteElo "2445"]
[BlackElo "2255"]
[PlyCount "55"]
[EventDate "2010.??.??"]
[WhiteTeam "White Rose 1"]
[BlackTeam "e2e4.org.uk 1"]

1. c4 e6 2. g3 d5 3. Nf3 Nf6 4. Bg2 Be7 5. O-O O-O 6. b3 c5 7. Bb2 Nc6 8. e3 d4
9. exd4 cxd4 10. Re1 Ne8 11. Ne5 Nxe5 12. Rxe5 f6 13. Re1 Nc7 14. d3 e5 15. Nd2
Rb8 16. f4 exf4 17. gxf4 f5 18. Kh1 Bf6 19. Ba3 Re8 20. Rxe8+ Qxe8 21. Nf3 Qd8
22. Ne5 Be6 23. Qe2 Be7 24. Bb2 Bc5 25. Rg1 Qh4 26. Bf3 b5 27. Nc6 Re8 28. Qe5
1-0

[Event "4NCL"]
[Site "Barcelo Hotel, Daventry, ENG"]
[Date "2010.11.06"]
[Round "1.18"]
[White "Byron, Alan M"]
[Black "Palliser, Richard JD"]
[Result "1/2-1/2"]
[WhiteElo "2190"]
[BlackElo "2445"]
[PlyCount "83"]
[EventDate "2010.??.??"]
[WhiteTeam "e2e4.org.uk 1"]
[BlackTeam "White Rose 1"]

1. c4 g6 2. g3 Bg7 3. Bg2 c5 4. Nc3 Nc6 5. Nf3 e5 6. d3 Nge7 7. Bg5 f6 8. Be3
d6 9. a3 O-O 10. Rb1 a5 11. O-O Be6 12. Ne1 Rb8 13. Nc2 Qd7 14. b4 axb4 15.
axb4 b6 16. Nd5 Nd4 17. Nxe7+ Qxe7 18. Bd2 f5 19. Ne3 f4 20. Nd5 Qd7 21. bxc5
bxc5 22. Rxb8 Rxb8 23. Bc3 fxg3 24. hxg3 Nf5 25. Qc2 h5 26. Rb1 Rxb1+ 27. Qxb1
h4 28. Qb8+ Kh7 29. e4 Bxd5 30. exd5 Nh6 31. gxh4 Nf7 32. Ba5 Qa4 33. Bc7 Qd1+
34. Kh2 Nh6 35. f3 Qxd3 36. Bxd6 Qe3 37. Be7 Qf4+ 38. Kg1 Qe3+ 39. Kh1 Qc1+ 40.
Kh2 Qf4+ 41. Kg1 Qe3+ 42. Kh2 1/2-1/2

[Event "4NCL"]
[Site "Barcelo Hotel, Daventry, ENG"]
[Date "2010.11.06"]
[Round "1.18"]
[White "Buckley, Simon T"]
[Black "Mladenov, Ilian"]
[Result "1/2-1/2"]
[WhiteElo "2345"]
[BlackElo "2210"]
[PlyCount "55"]
[EventDate "2010.??.??"]
[WhiteTeam "White Rose 1"]
[BlackTeam "e2e4.org.uk 1"]

1. d4 d5 2. Bg5 Nf6 3. Bxf6 exf6 4. e3 c6 5. Nd2 Be6 6. Ne2 f5 7. g3 h5 8. Bg2
Nd7 9. Nf4 Nf6 10. c4 Bd6 11. cxd5 cxd5 12. O-O h4 13. Qb3 hxg3 14. fxg3 Bxf4
15. exf4 Qd7 16. Rfc1 O-O 17. Rc2 Rac8 18. Rac1 Ne4 19. Nf1 Rxc2 20. Rxc2 Rc8
21. Ne3 Rxc2 22. Qxc2 g6 23. b3 Qd6 24. Bxe4 fxe4 25. Qd2 Kg7 26. Kf2 Qc7 27.
Qc2 Qa5 28. Qb2 1/2-1/2

[Event "4NCL"]
[Site "Barcelo Hotel, Daventry, ENG"]
[Date "2010.11.06"]
[Round "1.18"]
[White "Josse, Mark"]
[Black "Croad, Nicolas"]
[Result "1/2-1/2"]
[WhiteElo "2159"]
[BlackElo "2297"]
[PlyCount "98"]
[EventDate "2010.??.??"]
[WhiteTeam "e2e4.org.uk 1"]
[BlackTeam "White Rose 1"]

1. e4 c5 2. Nc3 Nc6 3. Bb5 g6 4. Bxc6 dxc6 5. d3 Bg7 6. f4 Nf6 7. Nf3 O-O 8.
O-O b6 9. Qe1 Nd7 10. f5 Ne5 11. Qg3 c4 12. Nxe5 Qd4+ 13. Be3 Qxe5 14. Qxe5
Bxe5 15. d4 Bg7 16. Rad1 Rd8 17. g4 Bb7 18. g5 f6 19. h4 Rd7 20. Ne2 fxg5 21.
hxg5 gxf5 22. exf5 Rf8 23. Rf4 Rd5 24. Rdf1 Bc8 25. Ng3 e5 26. fxe6 Rxf4 27.
Rxf4 Bxe6 28. Ne4 Rf5 29. c3 Rxf4 30. Bxf4 Bd5 31. Nf6+ Bxf6 32. gxf6 Kf7 33.
Be5 Kg6 34. Kf2 Kg5 35. Kg3 h5 36. Kh3 b5 37. Kg3 a5 38. a4 bxa4 39. Kh3 Be6+
40. Kg3 h4+ 41. Kh2 Kf5 42. Kh3 Kg5+ 43. Kh2 Kg4 44. Bc7 a3 45. bxa3 a4 46. Bd8
Kf3 47. f7 Bxf7 48. Bxh4 Ke3 49. Be7 Kd3 1/2-1/2

[Event "4NCL"]
[Site "Barcelo Hotel, Daventry, ENG"]
[Date "2010.11.06"]
[Round "1.18"]
[White "Townsend, M Paul"]
[Black "Jackson, James P"]
[Result "1-0"]
[WhiteElo "2246"]
[BlackElo "2146"]
[PlyCount "71"]
[EventDate "2010.??.??"]
[WhiteTeam "White Rose 1"]
[BlackTeam "e2e4.org.uk 1"]

1. d4 Nf6 2. c4 e6 3. g3 d5 4. Bg2 Nc6 5. Nf3 dxc4 6. Qa4 Bb4+ 7. Bd2 Nd5 8.
Bxb4 Ndxb4 9. O-O a6 10. Nc3 Bd7 11. a3 b5 12. Qd1 Nd5 13. e4 Nxc3 14. bxc3 O-O
15. Qc2 Qe7 16. e5 Na5 17. h4 h6 18. Nd2 Rab8 19. f4 c5 20. d5 exd5 21. Bxd5
Be6 22. Bxe6 Qxe6 23. Ne4 Qb6 24. Qf2 Nb3 25. Rad1 Rbd8 26. f5 Rxd1 27. Rxd1
Rd8 28. Rd6 Rxd6 29. exd6 f6 30. Qf3 Kf8 31. Qd1 Na5 32. Qd5 Nb7 33. Kh2 a5 34.
Qe6 b4 35. Qc8+ Kf7 36. Qc7+ 1-0

[Event "4NCL"]
[Site "Barcelo Hotel, Daventry, ENG"]
[Date "2010.11.06"]
[Round "1.18"]
[White "Sugden, John N"]
[Black "Arnott, Jonathan W"]
[Result "1/2-1/2"]
[WhiteElo "2193"]
[BlackElo "2165"]
[PlyCount "61"]
[EventDate "2010.??.??"]
[WhiteTeam "e2e4.org.uk 1"]
[BlackTeam "White Rose 1"]

1. d4 d5 2. c4 c6 3. Nf3 Nf6 4. Nc3 a6 5. c5 Nbd7 6. Bf4 Nh5 7. e3 Nxf4 8. exf4
g6 9. Be2 Bg7 10. O-O Qc7 11. Qd2 O-O 12. Bd3 Bh6 13. g3 e5 14. Nxe5 Nxe5 15.
dxe5 Qxe5 16. fxe5 Bxd2 17. Rad1 Bxc3 18. bxc3 Re8 19. Rfe1 Bg4 20. Rb1 Re7 21.
f4 Rae8 22. Kf2 f6 23. exf6 Rxe1 24. Rxe1 Rxe1 25. Kxe1 Kf7 26. Be2 Be6 27. g4
Kxf6 28. Kd2 g5 29. f5 Bf7 30. a3 Ke5 31. Ke3 1/2-1/2

[Event "4NCL"]
[Site "Barcelo Hotel, Daventry, ENG"]
[Date "2010.11.06"]
[Round "1.18"]
[White "Gayson, Peter M"]
[Black "Almond, Richard J"]
[Result "1/2-1/2"]
[WhiteElo "2184"]
[BlackElo "2130"]
[PlyCount "123"]
[EventDate "2010.??.??"]
[WhiteTeam "White Rose 1"]
[BlackTeam "e2e4.org.uk 1"]

1. e4 d5 2. exd5 Qxd5 3. Nc3 Qa5 4. d4 c6 5. Nf3 Nf6 6. Be2 Bf5 7. O-O Nbd7 8.
Bf4 e6 9. a3 Be7 10. b4 Qd8 11. Na4 O-O 12. c4 Ne8 13. Qb3 Bd6 14. Bg5 Be7 15.
Be3 Qc7 16. Rac1 Bg4 17. h3 Bh5 18. Rfd1 Nef6 19. d5 e5 20. Qb2 Rac8 21. Nh4
Bxe2 22. Qxe2 g6 23. Nf3 Qb8 24. dxc6 bxc6 25. Bg5 Qc7 26. Rc2 a5 27. Rcd2 Rfe8
28. bxa5 Bxa3 29. Nb6 Nxb6 30. Bxf6 Na8 31. Rd7 Qxa5 32. Nxe5 Nb6 33. Rxf7 Bf8
34. Rb7 Qc5 35. Qb2 Nxc4 36. Nxc4 Qxc4 37. Bd4 Rcd8 38. Rd2 c5 39. Be3 Rxd2 40.
Qxd2 Qe4 41. Qa2+ Qe6 42. Qa7 Re7 43. Rc7 Rxc7 44. Qxc7 Qd5 45. Bf4 c4 46. Be5
h5 47. f4 Qc5+ 48. Qxc5 Bxc5+ 49. Kf1 Kf7 50. g4 Ke6 51. gxh5 gxh5 52. Ke2 Kf5
53. Kd2 Ke4 54. Kc3 Kd5 55. Bg7 Bf2 56. f5 Be1+ 57. Kc2 Bb4 58. Bc3 Bd6 59. Bb2
Be7 60. Bg7 Bd6 61. Bb2 Be5 62. Bxe5 1/2-1/2

[Event "4NCL"]
[Site "Barcelo Hotel, Daventry, ENG"]
[Date "2010.11.07"]
[Round "2.11"]
[White "Mestel, A Jonathan"]
[Black "Tiviakov, Sergei"]
[Result "0-1"]
[WhiteElo "2484"]
[BlackElo "2637"]
[PlyCount "78"]
[EventDate "2010.??.??"]
[WhiteTeam "The AD's"]
[BlackTeam "Pride & Prejudice"]

1. Nf3 Nf6 2. c4 b6 3. g3 Bb7 4. Bg2 g6 5. b3 Bg7 6. Bb2 O-O 7. O-O e6 8. d4 d6
9. Qc2 c5 10. Nc3 Nc6 11. Rad1 Qe7 12. e3 Rfd8 13. a3 cxd4 14. exd4 d5 15. cxd5
Nxd5 16. Nxd5 exd5 17. Rfe1 Qd6 18. Ne5 Re8 19. Qd3 Rad8 20. Ng4 Bc8 21. Rxe8+
Rxe8 22. Ne3 Be6 23. Qb5 Rd8 24. b4 h5 25. h4 Bh6 26. Bc1 Kh7 27. Qd3 Ne7 28.
Bf1 Rc8 29. Bd2 Nf5 30. Bg2 Nxe3 31. fxe3 Bf5 32. e4 dxe4 33. Bxe4 Bg4 34. Re1
Bxd2 35. Qxd2 Re8 36. d5 Kg8 37. Kh2 Qe5 38. d6 Qe6 39. d7 Qxd7 0-1

[Event "4NCL"]
[Site "Barcelo Hotel, Daventry, ENG"]
[Date "2010.11.07"]
[Round "2.11"]
[White "Howell, David W L"]
[Black "Richardson, John R"]
[Result "1-0"]
[WhiteElo "2616"]
[BlackElo "2307"]
[PlyCount "81"]
[EventDate "2010.??.??"]
[WhiteTeam "Pride & Prejudice"]
[BlackTeam "The AD's"]

1. e4 c6 2. d4 d5 3. f3 dxe4 4. fxe4 e5 5. Nf3 Bg4 6. Bc4 Nd7 7. O-O Ngf6 8. c3
Bd6 9. Bg5 O-O 10. Nbd2 h6 11. Bh4 Qc7 12. Qc2 b5 13. Bd3 Nh5 14. Rfe1 a6 15.
Bf1 c5 16. d5 c4 17. h3 Bc5+ 18. Kh1 Bxf3 19. Nxf3 Qb6 20. b4 cxb3 21. axb3 g5
22. b4 Be3 23. Qe2 Bf4 24. Bf2 Ng3+ 25. Bxg3 Bxg3 26. Red1 Nf6 27. Rd3 g4 28.
Nd2 Bf2 29. g3 Kh8 30. hxg4 Qa7 31. Rf3 Nxg4 32. Bh3 Bxg3 33. Rxg3 Nf2+ 34. Kg2
Nxh3 35. Kxh3 Rg8 36. Rag1 Qxg1 37. Rxg1 Rxg1 38. Nf3 Rg7 39. Nxe5 Rag8 40. Qf2
Rg1 41. Kh2 1-0

[Event "4NCL"]
[Site "Barcelo Hotel, Daventry, ENG"]
[Date "2010.11.07"]
[Round "2.11"]
[White "Snape, Ian L"]
[Black "Jones, Gawain CB"]
[Result "0-1"]
[WhiteElo "2225"]
[BlackElo "2576"]
[PlyCount "56"]
[EventDate "2010.??.??"]
[WhiteTeam "The AD's"]
[BlackTeam "Pride & Prejudice"]

1. e4 c6 2. d4 d5 3. f3 Qb6 4. c3 e5 5. Ne2 dxe4 6. fxe4 Nf6 7. Qc2 Be6 8. Nd2
Nbd7 9. Nf3 Be7 10. Ng3 h5 11. Be2 h4 12. Nf5 Bxf5 13. exf5 exd4 14. Nxd4 O-O-O
15. Be3 Nd5 16. Bd2 Bf6 17. O-O-O Bxd4 18. cxd4 Qxd4 19. Bg5 Qe5 20. Rxd5 Qxd5
21. Bxd8 Qxg2 22. Rd1 Rxd8 23. Qd2 Qxh2 24. f6 gxf6 25. Qe3 Qe5 26. Qxa7 Qxe2
27. Qa8+ Kc7 28. Qa5+ Nb6 0-1

[Event "4NCL"]
[Site "Barcelo Hotel, Daventry, ENG"]
[Date "2010.11.07"]
[Round "2.11"]
[White "Hebden, Mark L"]
[Black "Wheeler, Darren P"]
[Result "0-1"]
[WhiteElo "2556"]
[BlackElo "2236"]
[PlyCount "92"]
[EventDate "2010.??.??"]
[WhiteTeam "Pride & Prejudice"]
[BlackTeam "The AD's"]

1. d4 e6 2. Nf3 d5 3. c4 c5 4. e3 Nc6 5. cxd5 exd5 6. Bb5 Bd6 7. O-O Nge7 8.
dxc5 Bxc5 9. b3 O-O 10. Ba3 Bxa3 11. Nxa3 Qa5 12. Bxc6 bxc6 13. Nc2 c5 14. Qd2
Qxd2 15. Nxd2 Ba6 16. Rfc1 Rfd8 17. e4 c4 18. b4 d4 19. b5 Bxb5 20. Na3 c3 21.
Nxb5 cxd2 22. Rd1 Rab8 23. Na3 Rdc8 24. Kf1 d3 25. Nb1 Rb2 26. Nxd2 Rcc2 27.
Ke1 f5 28. Rac1 Rxc1 29. Rxc1 fxe4 30. Rc4 Nd5 31. Rxe4 Rxa2 32. Nc4 Nc3 33.
Rd4 d2+ 34. Nxd2 Ra1+ 35. Nb1 Rxb1+ 36. Kd2 Nb5 37. Rd7 Rb2+ 38. Ke3 a5 39.
Rd8+ Kf7 40. Ra8 Rb3+ 41. Kf4 Rb4+ 42. Ke5 a4 43. f4 Rc4 44. f5 Rc5+ 45. Kf4 a3
46. g4 Rc7 0-1

[Event "4NCL"]
[Site "Barcelo Hotel, Daventry, ENG"]
[Date "2010.11.07"]
[Round "2.11"]
[White "Bellin, Jana"]
[Black "Emms, John M"]
[Result "0-1"]
[WhiteElo "2137"]
[BlackElo "2475"]
[PlyCount "79"]
[EventDate "2010.??.??"]
[WhiteTeam "The AD's"]
[BlackTeam "Pride & Prejudice"]

1. d4 g6 2. Nf3 Bg7 3. c3 d6 4. Bf4 Nd7 5. e4 e5 6. Bg5 Ngf6 7. Nbd2 O-O 8.
dxe5 dxe5 9. Bc4 h6 10. Bxf6 Qxf6 11. O-O b6 12. a4 a6 13. Qe2 Bb7 14. Rfd1 Nc5
15. Bd5 c6 16. Bc4 b5 17. axb5 axb5 18. Nb3 Na4 19. Bd3 Qe7 20. Qc2 Bc8 21.
Nbd2 Be6 22. Be2 Rfc8 23. Ne1 Bf8 24. b3 Nc5 25. Nd3 Qf6 26. b4 Nxd3 27. Bxd3
h5 28. Nb3 h4 29. h3 Kg7 30. Rxa8 Rxa8 31. Na5 c5 32. Bxb5 cxb4 33. cxb4 Bxb4
34. Nb3 Rc8 35. Qb2 Bc3 36. Qa3 Qg5 37. Rd3 Bd4 38. Nd2 Rc2 39. Nf3 Rc1+ 40.
Kh2 0-1

[Event "4NCL"]
[Site "Barcelo Hotel, Daventry, ENG"]
[Date "2010.11.07"]
[Round "2.11"]
[White "Pritchard, David J"]
[Black "Ward, Chris G"]
[Result "0-1"]
[WhiteElo "2007"]
[BlackElo "2449"]
[PlyCount "104"]
[EventDate "2010.??.??"]
[WhiteTeam "The AD's"]
[BlackTeam "Pride & Prejudice"]

1. d4 Nf6 2. Nf3 e6 3. e3 c5 4. Bd3 b6 5. O-O Bb7 6. Nbd2 Be7 7. b3 O-O 8. Bb2
cxd4 9. exd4 d6 10. Re1 Nbd7 11. Rc1 Nd5 12. c4 Nf4 13. Bb1 Nf6 14. Ne4 Nxe4
15. Bxe4 d5 16. Bb1 Rc8 17. cxd5 Bxd5 18. Rxc8 Qxc8 19. Qd2 Bd6 20. Be4 Qb7 21.
Qe3 Bxe4 22. Qxe4 Qxe4 23. Rxe4 Rc8 24. Ne1 Bb4 25. g3 Bxe1 26. Rxe1 Nd3 27.
Re2 Nb4 28. Ba3 Nd5 29. Kg2 h6 30. h4 Kh7 31. Rd2 Kg6 32. f3 Kf5 33. Kf2 h5 34.
Re2 f6 35. Rd2 Rc6 36. Re2 Nc3 37. Re1 Nxa2 38. Bf8 Rc2+ 39. Re2 Rxe2+ 40. Kxe2
Nc1+ 41. Ke3 g5 42. b4 gxh4 43. gxh4 a5 44. bxa5 bxa5 45. Bd6 Na2 46. Bc7 a4
47. Ba5 Nc1 48. Bd2 Nb3 49. Bb4 e5 50. dxe5 fxe5 51. Ba3 Nd4 52. Kf2 Nc2 0-1

[Event "4NCL"]
[Site "Barcelo Hotel, Daventry, ENG"]
[Date "2010.11.07"]
[Round "2.11"]
[White "Sahl, Sheila"]
[Black "Bellin, Christopher J"]
[Result "1-0"]
[WhiteElo "2175"]
[BlackElo "2045"]
[PlyCount "77"]
[EventDate "2010.??.??"]
[WhiteTeam "Pride & Prejudice"]
[BlackTeam "The AD's"]

1. e4 e5 2. Nf3 Nc6 3. Bb5 a6 4. Ba4 Nf6 5. Qe2 b5 6. Bb3 Bc5 7. c3 O-O 8. O-O
d6 9. d3 h6 10. h3 Re8 11. Be3 Ba7 12. Nbd2 Bb7 13. Bxa7 Nxa7 14. Nh2 Bc8 15.
f4 Nc6 16. fxe5 dxe5 17. a3 Be6 18. Bc2 Qe7 19. Rf2 Nd7 20. Ng4 Qd6 21. Raf1
Rf8 22. Nf3 Bxg4 23. hxg4 Nc5 24. g5 Ne6 25. gxh6 Nf4 26. Qe3 Qxh6 27. Nxe5
Nxe5 28. Qxf4 Qxf4 29. Rxf4 Rad8 30. d4 Nc4 31. Bb3 Rd7 32. R1f2 Re8 33. e5 c6
34. g3 Re6 35. Rh2 Rh6 36. Rxh6 gxh6 37. Rf6 Kg7 38. Bxc4 bxc4 39. Rxc6 1-0

[Event "4NCL"]
[Site "Barcelo Hotel, Daventry, ENG"]
[Date "2010.11.07"]
[Round "2.12"]
[White "Parker, Jonathan F"]
[Black "Trent, Lawrence"]
[Result "1-0"]
[WhiteElo "2531"]
[BlackElo "2442"]
[PlyCount "46"]
[EventDate "2010.??.??"]
[WhiteTeam "Barbican 4NCL 1"]
[BlackTeam "Wood Green Hilsmark 2"]

1. d4 Nf6 2. c4 g6 3. Nc3 Bg7 4. e4 d6 5. Be2 O-O 6. Be3 Na6 7. Nf3 e5 8. d5
Nh5 9. h3 f5 10. exf5 gxf5 11. Nh2 Nf6 12. g4 Nc5 13. Qc2 Nfe4 14. Nxe4 fxe4
15. O-O-O a5 16. Nf1 Qh4 17. Kb1 Rxf2 18. Bxf2 Qxf2 19. Qd2 Qf4 20. Rg1 a4 21.
Ne3 a3 22. b3 Bd7 23. Rdf1 Qg5 1-0

[Event "4NCL"]
[Site "Barcelo Hotel, Daventry, ENG"]
[Date "2010.11.07"]
[Round "2.12"]
[White "McDonald, Neil"]
[Black "Turner, Matthew J"]
[Result "1/2-1/2"]
[WhiteElo "2449"]
[BlackElo "2517"]
[PlyCount "68"]
[EventDate "2010.??.??"]
[WhiteTeam "Wood Green Hilsmark 2"]
[BlackTeam "Barbican 4NCL 1"]

1. Nf3 Nf6 2. g3 d5 3. c4 c6 4. Bg2 dxc4 5. O-O Be6 6. Ng5 Bd5 7. e4 h6 8. exd5
hxg5 9. dxc6 Nxc6 10. Na3 e6 11. Nxc4 Be7 12. d3 Nd5 13. a3 Rc8 14. Re1 O-O 15.
Ne3 Nxe3 16. fxe3 Qb6 17. Kh1 Rc7 18. Rf1 Qb5 19. d4 Na5 20. b4 Nc4 21. Ra2 a5
22. Raf2 axb4 23. axb4 Qxb4 24. Qh5 Nd6 25. Bb2 Qb3 26. e4 Rc2 27. Rxc2 Qxc2
28. Ba3 g6 29. Qf3 Qc7 30. Rc1 Qd7 31. Rd1 Qa4 32. Bxd6 Bxd6 33. e5 Be7 34. h3
Kg7 1/2-1/2

[Event "4NCL"]
[Site "Barcelo Hotel, Daventry, ENG"]
[Date "2010.11.07"]
[Round "2.12"]
[White "Collins, Sam E"]
[Black "Greet, Andrew N"]
[Result "1/2-1/2"]
[WhiteElo "2431"]
[BlackElo "2451"]
[PlyCount "82"]
[EventDate "2010.??.??"]
[WhiteTeam "Barbican 4NCL 1"]
[BlackTeam "Wood Green Hilsmark 2"]

1. Nf3 Nf6 2. c4 e6 3. g3 d5 4. b3 a5 5. Bg2 a4 6. O-O axb3 7. Qxb3 Nc6 8. cxd5
exd5 9. d4 Be7 10. Nc3 O-O 11. Bg5 Na5 12. Qc2 c6 13. Ne5 Be6 14. h3 Nd7 15.
Bxe7 Qxe7 16. Nxd7 Qxd7 17. Na4 Nc4 18. Nc5 Qc7 19. Kh2 b6 20. Nxe6 fxe6 21. e4
Qd8 22. a4 Qf6 23. Qc3 Ra7 24. f4 g6 25. Rf2 Rfa8 26. Rfa2 Ra5 27. Bf1 b5 28.
Bd3 Qe7 29. Qc2 Qa7 30. Qc3 Qb6 31. Bxc4 dxc4 32. h4 Kf7 33. h5 Rxa4 34. Rxa4
Rxa4 35. Rxa4 bxa4 36. Qxc4 Qb5 37. hxg6+ hxg6 38. Qa2 Ke7 39. Qa3+ Kd7 40. e5
Qc4 41. d5 Qe2+ 1/2-1/2

[Event "4NCL"]
[Site "Barcelo Hotel, Daventry, ENG"]
[Date "2010.11.07"]
[Round "2.12"]
[White "Sowray, Peter J"]
[Black "D'Costa, Lorin AR"]
[Result "1-0"]
[WhiteElo "2342"]
[BlackElo "2461"]
[PlyCount "85"]
[EventDate "2010.??.??"]
[WhiteTeam "Wood Green Hilsmark 2"]
[BlackTeam "Barbican 4NCL 1"]

1. e4 c5 2. Nf3 d6 3. d4 cxd4 4. Nxd4 Nf6 5. Nc3 e6 6. Be3 a6 7. f3 b5 8. Qd2
Bb7 9. g4 Nfd7 10. O-O-O Nb6 11. Bd3 N8d7 12. Rhe1 Be7 13. Kb1 O-O 14. h4 Rc8
15. g5 Ne5 16. f4 Nec4 17. Bxc4 Nxc4 18. Qd3 b4 19. Nce2 Re8 20. Bc1 Bf8 21.
Ng3 Qb6 22. h5 e5 23. Ndf5 Rc5 24. h6 g6 25. b3 exf4 26. bxc4 fxg3 27. Be3 gxf5
28. exf5 Ree5 29. g6 Qc7 30. gxh7+ Kxh7 31. Bxc5 Qxc5 32. f6+ Kh8 33. Qxg3 Rg5
34. Qf4 Bc6 35. Re7 Rf5 36. Qg4 Bf3 37. Qg7+ Bxg7 38. hxg7+ Kh7 39. Re8 Rg5 40.
Rh8+ Kg6 41. g8=Q+ Kxf6 42. Qd8+ Kf5 43. Qd7+ 1-0

[Event "4NCL"]
[Site "Barcelo Hotel, Daventry, ENG"]
[Date "2010.11.07"]
[Round "2.12"]
[White "Devereaux, Maxim L"]
[Black "Briscoe, Chris"]
[Result "1/2-1/2"]
[WhiteElo "2388"]
[BlackElo "2252"]
[PlyCount "94"]
[EventDate "2010.??.??"]
[WhiteTeam "Barbican 4NCL 1"]
[BlackTeam "Wood Green Hilsmark 2"]

1. Nf3 Nf6 2. c4 g6 3. Nc3 Bg7 4. e4 O-O 5. e5 Ng4 6. d4 c5 7. dxc5 Nc6 8. Be2
Qa5 9. h3 Ngxe5 10. Nxe5 Bxe5 11. Bh6 Bxc3+ 12. bxc3 Qxc3+ 13. Kf1 Rd8 14. Be3
d6 15. Rc1 Qb2 16. Qb3 Qxb3 17. axb3 dxc5 18. Bxc5 b6 19. Ba3 Nd4 20. Rd1 e5
21. Bf3 Rb8 22. Be7 Rd7 23. Bf6 Nxf3 24. Rxd7 Bxd7 25. gxf3 Re8 26. Ke2 Re6 27.
Bd8 Rc6 28. h4 f6 29. Ra1 a5 30. c5 Rxc5 31. Bxb6 Rb5 32. Bd8 Rxb3 33. Rxa5
Bb5+ 34. Ke1 Kf7 35. Ra7+ Ke6 36. Rb7 Bc4 37. Rxb3 Bxb3 38. Ke2 Kf5 39. Kf1 h5
40. Kg2 Bd5 41. Kg3 g5 42. hxg5 fxg5 43. Ba5 h4+ 44. Kg2 Kf4 45. Bd2+ Kf5 46.
Ba5 g4 47. Bd8 Bxf3+ 1/2-1/2